000 00314nam a22001337a 4500
020 _a81-8022-016-8
082 _a920
_bDEO/M
100 _aDEO,SUBHASH G.
245 _aMARCONI
_bINVENTOR OF RADIO COMMUNICATION
260 _aDELHI
_bPRIORITY PUBLICATIONS
300 _a73
650 _aBIOGRAPHY
_zDELHI
942 _cBK
999 _c6372
_d6372